Kĺbové traktory New Holland

Bibliographic Details
Main Author: Mikulík, Martin (Author)
Format: Article
Language:Slovak

MARC

LEADER 00000nab a2200000ua 4500
001 vtls010761508
003 SK-MaSNL
005 20260304202349.0
008 250718s2011 xo |||||||||||||||||slo|
035 |a (urnnbn)urn:nbn:sk:snk:ar-a01bbw 
035 |a (uuid)27ab76ed-f463-4474-9bf4-ad428d97ec60 
035 |a urn:nbn:sk:snk-ab4e4u 
040 |a SNKBUCL  |b slo  |c SNKBUCL  |e AACR2 
041 0 |a slo 
044 |a xo  |c SK 
100 1 |a Mikulík, Martin  |4 aut  |9 1050003 
245 1 0 |a Kĺbové traktory New Holland  |c Martin Mikulík 
773 0 |t Moderná mechanizácia v poľnohospodárstve : odborný časopis o technike a technológiách v poľnohospodárstve  |g Roč. 14, č. 8 (2011), s. [14]-[15] 
850 |a Slovenská národná knižnica 
852 |a Slovenská národná knižnica 
954 |a odborná, vedecká literatúra pôvodná (slovenská)  |2 lita 
958 |a article3 
958 |a OND 
958 |a EUIPO 
999 |c 3102621  |d 3104551